| 000 | 00441nam a2200181Ia 4500 | ||
|---|---|---|---|
| 005 | 20240430110742.0 | ||
| 008 | 131103s9999 xx 000 0 und d | ||
| 040 | _aLoreto College | ||
| 041 | _aEnglish | ||
| 082 |
_a428 _bBRO |
||
| 100 | _aBrowne, Joseph T. | ||
| 245 | 2 |
_aA book of non fiction _cJoseph T. Browne |
|
| 260 |
_a[s.l.] _b[s.n.] _c[19?] |
||
| 300 | _a258p. | ||
| 650 | _aEnglish fiction | ||
| 850 | _aLCBED | ||
| 942 | _cBK | ||
| 999 |
_c30228 _d80707 |
||